Statistiken für Himmelsrichtungen Hervorgehobener Sprachen

Klicken Sie hier um das Quiz zu spielen!

Allgemein

  • Dieses Quiz wurde 102 mal gespielt
  • Das Durchschnittsergebnis liegt bei 12 aus 36

Antwortstatistiken

SpracheCardinal Direction% Korrekt
DeutschNorden
98%
EnglischNorth
98%
DeutschOsten
98%
DeutschSüden
98%
DeutschWesten
98%
EnglischEast
97%
EnglischWest
97%
EnglischSouth
96%
FranzösischNord
44%
FranzösischEst
43%
FranzösischSud
43%
ItalienischNord
34%
FranzösischOuest
32%
ItalienischSud
32%
ItalienischEst
28%
SpanischEste
25%
SpanischNorte
24%
NiederländischWesten
23%
SpanischSur
19%
NiederländischNoorden
15%
SpanischOeste
15%
NiederländischOosten
15%
NiederländischZuiden
12%
PortugiesischNorte
8%
ItalienischOvest
8%
PortugiesischOeste
3%
PolnischPółnoc
3%
PolnischPołudnie
3%
PortugiesischSul
3%
FinnischEtelä
2%
FinnischItä
2%
FinnischLänsi
2%
PortugiesischLeste
2%
FinnischPohjoinen
2%
PolnischWschód
2%
PolnischZachód
2%

Verteilung der Resultate

Perzentil nach korrekt beantworteten Fragen

Anzahl Personen mit jedem Resultat

Ihre Resultats-Entwicklung

Sie haben dieses Quiz noch nicht gespielt